Statistics for Largest Cities in Economic Community of West African States

Click here to take the quiz!

General Stats

  • This quiz has been taken 60 times
    (14 since last reset)
  • The average score is 18 of 27

Answers on the Map

Answers color-coded by a green-red scale on the quiz's map according to % correct below.
 

Answer Stats

Pop. (M)City% Correct
3.7Abuja
100%
2.6Accra
100%
3.3Dakar
100%
1.3Freetown
100%
15.4Lagos
100%
5.5Abidjan
93%
2.8Bamako
93%
2.0Conakry
93%
1.9Lomé
93%
1.6Monrovia
93%
1.4Niamey
93%
3.1Ouagadougou
86%
1.8Benin City
79%
3.8Ibadan
71%
4.2Kano
71%
3.6Kumasi
71%
1.2Abomey-Calavi
64%
3.3Port Harcourt
64%
1.6Onitsha
50%
1.1Bobo-Dioulasso
43%
1.2Kaduna
36%
1.0Ilorin
29%
1.2Aba
21%
1.3Uyo
14%
1.0Ikorodu
7%
1.0Sekondi-Takoradi
7%
1.2Nnewi
0%

Score Distribution

Percentile by Number Answered

Percent of People with Each Score

Your Score History

You have not taken this quiz since the last reset